[Event "CAN-ch U20 op"]
[Site "Toronto CAN"]
[Date "2018.08.11"]
[Round "6.7"]
[White "Huang, Youhe"]
[Black "Li, William"]
[Result "0-1"]
[WhiteElo "1909"]
[BlackElo "2192"]
[PlyCount "50"]
[EventDate "2018.08.08"]
[EventType "swiss"]
[EventRounds "9"]
[EventCountry "CAN"]

1. d4 Nf6 2. Bg5 d5 3. Nc3 e6 4. f3 c5 5. e3 Be7 6. Qd2 O-O 7. O-O-O Nc6 8.
Nge2 c4 9. e4 b5 10. e5 b4 11. Nb1 Nd7 12. Bxe7 Qxe7 13. g4 a5 14. g5 a4 15.
Ng3 g6 16. h4 Ba6 17. h5 a3 18. c3 axb2+ 19. Kxb2 Rfb8 20. Kc1 bxc3 21. Qxc3
Qxg5+ 22. f4 Qxf4+ 23. Rd2 Nb4 24. Kd1 Nd3 25. Bxd3 cxd3 0-1

[Event "CAN-ch U20 op"]
[Site "Toronto CAN"]
[Date "2018.08.11"]
[Round "6.8"]
[White "Li, Eric M"]
[Black "Zhao, Jeffrey R"]
[Result "0-1"]
[WhiteElo "2037"]
[BlackElo "2017"]
[PlyCount "195"]
[EventDate "2018.08.08"]
[EventType "swiss"]
[EventRounds "9"]
[EventCountry "CAN"]

1. d4 Nf6 2. Bf4 d5 3. e3 c5 4. c3 Nc6 5. Nd2 e6 6. Ngf3 cxd4 7. exd4 Nh5 8.
Bg5 f6 9. Be3 Bd6 10. g3 O-O 11. Bg2 g6 12. O-O b6 13. c4 Ba6 14. Re1 Nb4 15.
Qb3 Rc8 16. Rac1 Ng7 17. a3 dxc4 18. Nxc4 Nd5 19. Bh6 Re8 20. Bxg7 Kxg7 21. Bh3
Kf7 22. Nfd2 Bb8 23. Ne3 Bb7 24. Rxc8 Qxc8 25. Nxd5 Bxd5 26. Qd3 Rd8 27. Ne4
Qb7 28. Nc3 Bb3 29. Qb5 Bd5 30. Nxd5 exd5 31. Qe2 Bd6 32. Qe6+ Kg7 33. Bg2 Bf8
34. Bh3 Qf7 35. Qc6 Kh8 36. Be6 Qe7 37. Re3 Bh6 38. Re2 Qd6 39. Qb7 Qb8 40. Qf7
Rf8 41. Qe7 Re8 42. Qd7 Rd8 43. Qf7 Rf8 44. Qe7 Re8 45. Qxf6+ Bg7 46. Qf3 Qd6
47. Qg4 Re7 48. h4 Re8 49. Kg2 Qe7 50. Re3 Qf6 51. Bxd5 Rd8 52. Bf3 Qxd4 53.
Qg5 Bf6 54. Qb5 Qxb2 55. Qc6 Rd2 56. Re8+ Kg7 57. Qc7+ Kh6 58. Qf4+ Kg7 59. Ba8
Qd4 60. Qf3 Rd3 61. Qb7+ Qd7 62. Qb8 Bd8 63. Qe5+ Bf6 64. Qb8 Qf7 65. Rc8 Rd2
66. Bf3 Rd7 67. Qf4 Rd4 68. Qe3 Qd7 69. Rb8 Rd3 70. Qe2 Rd2 71. Qc4 Qd4 72.
Rg8+ Kh6 73. Qf1 Qb2 74. Rf8 Bd4 75. Bd5 Qxa3 76. Rf7 Qb2 77. g4 g5 78. Qe1 Re2
79. Qf1 gxh4 80. Rf5 Kg6 81. Bf7+ Kg7 82. Bc4 h3+ 83. Kg1 h2+ 84. Kg2 h1=Q+ 85.
Kxh1 Rxf2 86. Rf7+ Kh8 87. Rf8+ Kg7 88. Rf7+ Kg6 89. Qd3+ Kg5 90. Rf5+ Rxf5 91.
Qxf5+ Kh4 92. Qxh7+ Kxg4 93. Qe4+ Kg3 94. Qg6+ Kf4 95. Qh6+ Kg3 96. Qg5+ Kf2
97. Qf4+ Ke1 98. Bd3 0-1

[Event "CAN-ch U20 op"]
[Site "Toronto CAN"]
[Date "2018.08.11"]
[Round "6.9"]
[White "Ajith, Aayush"]
[Black "Laughlin, Braden"]
[Result "1-0"]
[WhiteElo "1934"]
[BlackElo "1761"]
[PlyCount "95"]
[EventDate "2018.08.08"]
[EventType "swiss"]
[EventRounds "9"]
[EventCountry "CAN"]

1. d4 Nf6 2. c4 g6 3. Nc3 Bg7 4. e4 d6 5. Nf3 O-O 6. Be2 e5 7. O-O Nc6 8. d5
Ne7 9. Ne1 Nd7 10. Be3 f5 11. f3 f4 12. Bf2 g5 13. a4 h5 14. a5 Nf6 15. c5 Ng6
16. cxd6 cxd6 17. Nb5 a6 18. Bb6 Qe7 19. Nc7 Rb8 20. Rc1 Bd7 21. Nd3 g4 22. Nc5
g3 23. N5e6 gxh2+ 24. Kh1 h4 25. Nxf8 Bxf8 26. Ne6 Bxe6 27. dxe6 Nh5 28. Re1
Qg5 29. Bf2 Be7 30. Bf1 Kh8 31. Re2 Rg8 32. Be1 h3 33. Rcc2 Nh4 34. Qd3 Kh7 35.
Rcd2 Kh6 36. Kxh2 Ng3 37. Bxg3 Qxg3+ 38. Kh1 Rg5 39. Rf2 hxg2+ 40. Rxg2 Nxg2
41. Rxg2 Qe1 42. Rxg5 Kxg5 43. Qe2 Qxa5 44. Qg2+ Kf6 45. Qg8 Qd8 46. Qf7+ Kg5
47. Qg7+ Kh5 48. Bh3 1-0

[Event "CAN-ch U20 op"]
[Site "Toronto CAN"]
[Date "2018.08.11"]
[Round "6.10"]
[White "Li, Kevin"]
[Black "Qiao, Joey"]
[Result "0-1"]
[WhiteElo "1706"]
[BlackElo "1742"]
[PlyCount "122"]
[EventDate "2018.08.08"]
[EventType "swiss"]
[EventRounds "9"]
[EventCountry "CAN"]

1. e4 e5 2. Nf3 Nc6 3. d4 exd4 4. Bc4 Be7 5. O-O d6 6. c3 Nf6 7. Ng5 O-O 8.
cxd4 h6 9. Nxf7 Rxf7 10. Bxf7+ Kxf7 11. Nc3 Kg8 12. f3 b6 13. Be3 Ba6 14. Rf2
Nd7 15. a4 Nb4 16. Qb3+ d5 17. Nxd5 Nxd5 18. Qxd5+ Kh8 19. e5 c5 20. a5 bxa5
21. dxc5 Nxc5 22. Qc6 Rc8 23. Qg6 Qd3 24. Qxd3 Nxd3 25. Rff1 Nxe5 26. Rfd1 Bb4
27. Rac1 Rxc1 28. Rxc1 Nc4 29. Bd4 a4 30. Rc2 Bd6 31. Bxa7 Be5 32. Bc5 Bxb2 33.
g4 a3 34. Bxa3 Bxa3 35. h4 Bc5+ 36. Kh2 Bd6+ 37. Kh1 Kh7 38. g5 hxg5 39. hxg5
Kg6 40. Ra2 Bb7 41. Kg2 Bf4 42. Ra7 Nd6 43. Kh3 Bxf3 44. Ra6 Kf5 45. Ra7 Bb7
46. Ra5+ Be5 47. g6 Be4 48. Kh4 Kf6 49. Ra6 Bxg6 50. Kg4 Bf5+ 51. Kh5 Bg3 52.
Rb6 g6+ 53. Kh6 Bf4+ 54. Kh7 g5+ 55. Kg8 g4 56. Kh8 g3 57. Ra6 g2 58. Rb6 Ke7
59. Rxd6 Bxd6 60. Kg7 g1=Q+ 61. Kh6 Qg6# 0-1

[Event "CAN-ch U20 op"]
[Site "Toronto CAN"]
[Date "2018.08.11"]
[Round "6.11"]
[White "Adamo, Brendan"]
[Black "James, Rowan"]
[Result "1-0"]
[WhiteElo "1821"]
[BlackElo "1904"]
[PlyCount "77"]
[EventDate "2018.08.08"]
[EventType "swiss"]
[EventRounds "9"]
[EventCountry "CAN"]

1. e4 e5 2. Nf3 Nc6 3. Bc4 Nf6 4. d3 Be7 5. Nc3 d6 6. h3 O-O 7. O-O a6 8. a4
Na5 9. Ba2 c5 10. Bg5 Nc6 11. Bxf6 Bxf6 12. Nd5 Be6 13. c3 Bxd5 14. Bxd5 Qb6
15. Nd2 Qc7 16. Nc4 b6 17. Qg4 Ra7 18. Rfb1 b5 19. axb5 axb5 20. Rxa7 Nxa7 21.
Ne3 g6 22. h4 Qd8 23. Ra1 Nc8 24. h5 Ne7 25. Ra7 Nxd5 26. Nxd5 Bg7 27. hxg6
hxg6 28. Qh3 Bh8 29. Qg4 Bg7 30. Rd7 Qa5 31. b4 Qa1+ 32. Kh2 cxb4 33. cxb4 Qf1
34. Qg3 Bh6 35. Rxd6 Kg7 36. Qxe5+ Kh7 37. Nf6+ Kg7 38. Nd7+ f6 39. Nxf6 1-0

[Event "CAN-ch U20 op"]
[Site "Toronto CAN"]
[Date "2018.08.11"]
[Round "6.12"]
[White "Liu, Harrison"]
[Black "Uthayakumar, Ronan"]
[Result "1-0"]
[WhiteElo "1787"]
[BlackElo "1854"]
[PlyCount "91"]
[EventDate "2018.08.08"]
[EventType "swiss"]
[EventRounds "9"]
[EventCountry "CAN"]

1. e4 c5 2. Ne2 Nc6 3. d4 cxd4 4. Nxd4 g6 5. Nc3 Bg7 6. Be3 Nf6 7. Be2 O-O 8.
Nb3 d6 9. O-O Be6 10. f4 Rc8 11. f5 Bd7 12. Qd2 Ne5 13. Bh6 Nc4 14. Bxc4 Rxc4
15. Bxg7 Kxg7 16. Rae1 Qc7 17. Qe3 b5 18. Nd2 Rc5 19. Qd4 b4 20. Nd5 Qb7 21.
Nxe7 Bb5 22. Nd5 Rxd5 23. exd5 Bxf1 24. Nxf1 Qxd5 25. Qxd5 Nxd5 26. Rd1 Nb6 27.
fxg6 hxg6 28. Rxd6 Rc8 29. Ne3 Nc4 30. Nxc4 Rxc4 31. Rd2 Rc5 32. Kf2 Ra5 33. c4
Rxa2 34. c5 b3 35. Ke3 Ra1 36. Kd4 Rc1 37. Rd3 Rc2 38. Rxb3 Kf6 39. Rc3 Rxb2
40. c6 Rb8 41. c7 Rc8 42. Kd5 Ke7 43. Kc6 f5 44. Re3+ Kf6 45. Kb7 f4 46. Rd3
1-0

[Event "CAN-ch U20 op"]
[Site "Toronto CAN"]
[Date "2018.08.11"]
[Round "7.1"]
[White "Xu, Jeffrey"]
[Black "Zhao, Harry"]
[Result "1-0"]
[WhiteElo "2221"]
[BlackElo "2203"]
[PlyCount "156"]
[EventDate "2018.08.08"]
[EventType "swiss"]
[EventRounds "9"]
[EventCountry "CAN"]

1. e4 e6 2. Qe2 Be7 3. c3 d5 4. d4 c5 5. dxc5 dxe4 6. Qxe4 Bxc5 7. Be3 Bxe3 8.
Qxe3 Nf6 9. Nf3 O-O 10. Bc4 Qc7 11. Bb3 Nc6 12. Nbd2 Rd8 13. O-O b6 14. Rfe1
Bb7 15. Nc4 Ne7 16. Nce5 Ned5 17. Qg5 h6 18. Qh4 b5 19. a4 a6 20. Nd4 Qb6 21.
axb5 axb5 22. Rad1 Rdc8 23. Bc2 Ra2 24. Rb1 b4 25. c4 Nc7 26. Nb3 Na6 27. Re3
Nc5 28. Qd4 Raa8 29. Rg3 Ncd7 30. Qf4 Kf8 31. Nxd7+ Nxd7 32. Qg4 g6 33. Bxg6
Ne5 34. Qf4 Nxg6 35. Rxg6 Be4 36. Qxe4 fxg6 37. Qxg6 Rxc4 38. Qf6+ Kg8 39. Qg6+
Kf8 40. Qxh6+ Kg8 41. Qg6+ Kf8 42. Re1 Rc7 43. h3 Ra6 44. Rd1 Rf7 45. Qh6+ Ke8
46. Qh8+ Rf8 47. Qh5+ Rf7 48. Nc5 Ra5 49. Qh8+ Rf8 50. Qg7 Ra7 51. Qg6+ Rff7
52. Ne4 Kf8 53. Rd6 Qa5 54. Rxe6 Qa1+ 55. Kh2 Qxb2 56. Nd6 Rae7 57. Nxf7 Rxf7
58. Qh6+ Qg7 59. Qd2 Qc3 60. Qxc3 bxc3 61. Rc6 Rxf2 62. Rxc3 Kg7 63. Rg3+ Kh6
64. Rf3 Ra2 65. Kg3 Kg5 66. h4+ Kh5 67. Kh3 Ra4 68. g4+ Kg6 69. h5+ Kg5 70.
Rf5+ Kh6 71. Kh4 Rb4 72. Rf6+ Kg7 73. Rc6 Ra4 74. Rd6 Rb4 75. h6+ Kh7 76. Kh5
Rb2 77. g5 Kg8 78. Rd8+ Kf7 1-0

[Event "CAN-ch U20 op"]
[Site "Toronto CAN"]
[Date "2018.08.11"]
[Round "7.2"]
[White "Rusonik, Max"]
[Black "Zhang, Henry"]
[Result "1/2-1/2"]
[WhiteElo "1970"]
[BlackElo "2194"]
[PlyCount "71"]
[EventDate "2018.08.08"]
[EventType "swiss"]
[EventRounds "9"]
[EventCountry "CAN"]

1. e4 c5 2. Nf3 e6 3. d4 cxd4 4. Nxd4 Nc6 5. Nb5 d6 6. c4 Nf6 7. N1c3 Be7 8.
Be3 O-O 9. Be2 b6 10. O-O Bb7 11. Na3 Rc8 12. Qd2 Qc7 13. Rac1 Qb8 14. f3 Rfd8
15. Nc2 Ne5 16. b3 d5 17. cxd5 exd5 18. exd5 Nxd5 19. Nxd5 Rxd5 20. Nd4 Bc5 21.
Rfd1 Rcd8 22. Qc3 Ng6 23. b4 Bf8 24. Bc4 Rh5 25. g3 Qa8 26. f4 a5 27. a3 Ne7
28. Nb5 Nd5 29. Bxd5 Rhxd5 30. Rxd5 Bxd5 31. Nc7 axb4 32. Nxa8 bxc3 33. Nxb6
Bxa3 34. Rxc3 Be7 35. Nxd5 Rxd5 36. Rc8+ 1/2-1/2

[Event "CAN-ch U20 op"]
[Site "Toronto CAN"]
[Date "2018.08.11"]
[Round "7.3"]
[White "Singh, Malhar"]
[Black "Zhong, Kevin"]
[Result "1/2-1/2"]
[WhiteElo "1825"]
[BlackElo "2016"]
[PlyCount "39"]
[EventDate "2018.08.08"]
[EventType "swiss"]
[EventRounds "9"]
[EventCountry "CAN"]

1. d4 d5 2. c4 e6 3. Nc3 c5 4. cxd5 exd5 5. Nf3 Nc6 6. e3 Nf6 7. Bd3 c4 8. Bb1
Bb4 9. Ne5 O-O 10. Nxc6 bxc6 11. O-O Re8 12. f3 Qc7 13. e4 Bxc3 14. bxc3 dxe4
15. fxe4 Bg4 16. Qe1 Nxe4 17. Qh4 f5 18. h3 Ng3 19. hxg4 Ne2+ 20. Kh1 1/2-1/2

[Event "CAN-ch U20 op"]
[Site "Toronto CAN"]
[Date "2018.08.11"]
[Round "7.4"]
[White "Bremner, William"]
[Black "Li, William"]
[Result "1-0"]
[WhiteElo "2198"]
[BlackElo "2192"]
[PlyCount "93"]
[EventDate "2018.08.08"]
[EventType "swiss"]
[EventRounds "9"]
[EventCountry "CAN"]

1. d4 Nf6 2. c4 b6 3. Nf3 e6 4. g3 Ba6 5. b3 Bb7 6. Bg2 Bb4+ 7. Bd2 a5 8. O-O
O-O 9. Bf4 a4 10. Nbd2 Ne4 11. Nxe4 Bxe4 12. Nd2 Bxg2 13. Kxg2 Bc3 14. Rb1 Bxd4
15. Nf3 Bf6 16. e4 axb3 17. axb3 Nc6 18. e5 Be7 19. Qe2 f6 20. Rfd1 g5 21. Bc1
g4 22. Nd4 Nxd4 23. Qxg4+ Kh8 24. Qxd4 d6 25. exd6 Bxd6 26. Bh6 Rg8 27. Qe4 Qe8
28. Qf3 Be5 29. Bf4 Bxf4 30. Qxf4 Qc6+ 31. Kg1 e5 32. Qf5 Rgd8 33. b4 Rd6 34.
b5 Qc5 35. Rd5 Rxd5 36. Qxf6+ Kg8 37. Qe6+ Kg7 38. cxd5 Qc3 39. Qe7+ Kg6 40.
Rb4 h5 41. Qe6+ Kh7 42. Qf7+ Kh6 43. Qf6+ Kh7 44. Rh4 Kg8 45. Rxh5 Qe1+ 46. Kg2
Qe4+ 47. Kh3 1-0

[Event "CAN-ch U20 op"]
[Site "Toronto CAN"]
[Date "2018.08.11"]
[Round "7.5"]
[White "Jiang, Brian"]
[Black "Xu, Daniel"]
[Result "1-0"]
[WhiteElo "2094"]
[BlackElo "2095"]
[PlyCount "65"]
[EventDate "2018.08.08"]
[EventType "swiss"]
[EventRounds "9"]
[EventCountry "CAN"]

1. d4 Nf6 2. c4 g6 3. Nc3 Bg7 4. e4 d6 5. f3 c5 6. dxc5 dxc5 7. Qxd8+ Kxd8 8.
Be3 Nfd7 9. Nge2 Nc6 10. O-O-O b6 11. g3 Bb7 12. Bh3 e6 13. Nb5 Ke7 14. Nd6 Bc8
15. f4 Rd8 16. e5 Rb8 17. Bg2 Na5 18. b3 Bb7 19. Nxb7 Nxb7 20. Nc3 a6 21. Rd2
Bh6 22. Re1 Na5 23. g4 b5 24. cxb5 axb5 25. g5 Bf8 26. Ne4 c4 27. b4 Nc6 28. a3
Rdc8 29. Red1 Rc7 30. Kb2 Nd8 31. Kc3 h5 32. h4 Rbc8 33. Nf6 1-0

[Event "CAN-ch U20 op"]
[Site "Toronto CAN"]
[Date "2018.08.11"]
[Round "7.6"]
[White "Zhao, Jeffrey R"]
[Black "Ajith, Aayush"]
[Result "1/2-1/2"]
[WhiteElo "2017"]
[BlackElo "1934"]
[PlyCount "150"]
[EventDate "2018.08.08"]
[EventType "swiss"]
[EventRounds "9"]
[EventCountry "CAN"]

1. e4 c5 2. Nf3 d6 3. d4 cxd4 4. Qxd4 Nc6 5. Bb5 Bd7 6. Bxc6 bxc6 7. Nc3 c5 8.
Qd3 Bc6 9. Bg5 g6 10. O-O-O Bg7 11. Qe3 Qc7 12. Rhe1 Nf6 13. e5 Ng4 14. Qd2
Nxe5 15. Nxe5 dxe5 16. Bh6 O-O 17. Bxg7 Kxg7 18. f3 Rab8 19. h4 f6 20. h5 Rfd8
21. Qe3 Rd4 22. Rh1 g5 23. Ne2 Rd5 24. g3 Rxd1+ 25. Rxd1 Rd8 26. Re1 Qa5 27.
Nc3 h6 28. Kb1 Qb4 29. f4 e4 30. a3 Qc4 31. b3 Qe6 32. Qxc5 a6 33. f5 Qd6 34.
Nxe4 Bxe4 35. Qxd6 Bxc2+ 36. Kxc2 exd6 37. Re7+ Kg8 38. Kc3 Rc8+ 39. Kd4 Rb8
40. b4 a5 41. Kc3 axb4+ 42. axb4 Rb5 43. g4 d5 44. Rc7 d4+ 45. Kc4 Rb8 46. Rd7
Rc8+ 47. Kxd4 Rc1 48. b5 Rd1+ 49. Kc5 Rxd7 50. b6 Kf7 51. Kc6 Rd1 52. b7 Rc1+
53. Kd7 Rd1+ 54. Kc7 Rc1+ 55. Kd6 Rd1+ 56. Kc6 Rc1+ 57. Kb6 Ke7 58. b8=Q Rb1+
59. Kc7 Rxb8 60. Kxb8 Kd6 61. Kc8 Ke5 62. Kd7 Kf4 63. Ke6 Kxg4 64. Kxf6 Kxh5
65. Ke6 g4 66. f6 g3 67. f7 g2 68. f8=Q g1=Q 69. Ke5 Qg5+ 70. Ke4 Kh4 71. Kf3
Qg4+ 72. Kf2 h5 73. Qf6+ Kh3 74. Qc3+ Kh2 75. Qe5+ Kh3 1/2-1/2

[Event "CAN-ch U20 op"]
[Site "Toronto CAN"]
[Date "2018.08.11"]
[Round "7.7"]
[White "Qiao, Joey"]
[Black "Zheng, Kevin"]
[Result "0-1"]
[WhiteElo "1742"]
[BlackElo "1966"]
[PlyCount "86"]
[EventDate "2018.08.08"]
[EventType "swiss"]
[EventRounds "9"]
[EventCountry "CAN"]

1. e4 c5 2. Nf3 Nc6 3. d4 cxd4 4. Nxd4 g6 5. Be2 Bg7 6. Be3 Nf6 7. Nc3 O-O 8.
O-O d5 9. exd5 Nxd5 10. Nxd5 Qxd5 11. Bf3 Qc4 12. Be2 Qb4 13. Nxc6 bxc6 14. Rb1
Be6 15. a3 Qa4 16. Qc1 Rfd8 17. b3 Qa5 18. Bd3 Rab8 19. Rd1 c5 20. Bd2 Bc3 21.
Bxc3 Qxc3 22. Qb2 Qxb2 23. Rxb2 c4 24. Be2 Rxd1+ 25. Bxd1 Rd8 26. Rb1 c3 27. b4
Bf5 28. a4 Rd2 29. Rc1 Kf8 30. b5 Ke8 31. a5 Kd8 32. b6 axb6 33. axb6 Be4 34.
Kf1 Kc8 35. f3 Bf5 36. Be2 Kb7 37. Rb1 Rxc2 38. Rb3 Rc1+ 39. Kf2 c2 40. Ba6+
Kb8 41. Re3 Ra1 42. Bf1 c1=Q 43. Kg1 Qxf1# 0-1

[Event "CAN-ch U20 op"]
[Site "Toronto CAN"]
[Date "2018.08.11"]
[Round "7.8"]
[White "Gao, Raymond"]
[Black "Adamo, Brendan"]
[Result "1-0"]
[WhiteElo "1736"]
[BlackElo "1821"]
[PlyCount "67"]
[EventDate "2018.08.08"]
[EventType "swiss"]
[EventRounds "9"]
[EventCountry "CAN"]

1. e4 c5 2. Nf3 d6 3. Bb5+ Bd7 4. Bxd7+ Nxd7 5. O-O g6 6. c3 Bg7 7. d4 Nh6 8.
Re1 O-O 9. a4 Rc8 10. Na3 a6 11. Bg5 Kh8 12. Qe2 Ng8 13. Nc4 Qc7 14. Rac1 Rb8
15. e5 d5 16. Na3 e6 17. c4 h6 18. Bh4 Qa5 19. cxd5 cxd4 20. dxe6 fxe6 21. Nxd4
Rbe8 22. Nf3 Ne7 23. Nc4 Qxa4 24. Nd6 Nxe5 25. Nxe5 Qxh4 26. Nxe8 Rxe8 27. Rc7
Kh7 28. Nf3 Qf4 29. Rxb7 Nf5 30. Qxa6 e5 31. Qc6 Qg4 32. Qxe8 Nd6 33. Rxg7+
Kxg7 34. Qxe5+ 1-0

[Event "CAN-ch U20 op"]
[Site "Toronto CAN"]
[Date "2018.08.11"]
[Round "7.9"]
[White "Zhao, Jeffrey Renfei"]
[Black "Huang, Youhe"]
[Result "1-0"]
[WhiteElo "2002"]
[BlackElo "1909"]
[PlyCount "117"]
[EventDate "2018.08.08"]
[EventType "swiss"]
[EventRounds "9"]
[EventCountry "CAN"]

1. e4 e5 2. Nf3 d6 3. Bc4 Be7 4. d4 exd4 5. Nxd4 Nf6 6. Nc3 Nxe4 7. Nxe4 d5 8.
Bd3 dxe4 9. Bxe4 Bf6 10. c3 O-O 11. O-O Re8 12. Qd3 h6 13. Be3 Na6 14. Qc2 Qe7
15. Bf3 c5 16. Ne2 Bg5 17. Bxg5 Qxg5 18. Ng3 Rb8 19. Rfe1 Be6 20. Qa4 Red8 21.
Rad1 Bd5 22. Bxd5 Rxd5 23. Re8+ Kh7 24. Qe4+ g6 25. Rxd5 Rxe8 26. Rxg5 Rxe4 27.
Nxe4 hxg5 28. Nxg5+ Kg7 29. Ne4 b6 30. Nd6 Nb8 31. f4 Kf6 32. Kf2 Ke6 33. Ne4
Kf5 34. Kf3 Nc6 35. g4+ Ke6 36. h4 f5 37. gxf5+ Kxf5 38. Ng3+ Kf6 39. Ke4 Ne7
40. h5 g5 41. fxg5+ Kxg5 42. Ke5 Kg4 43. h6 Kxg3 44. h7 Nc6+ 45. Kf6 Na5 46.
h8=Q Nc4 47. Qg8+ Kf3 48. Qxc4 Ke3 49. Ke5 Kd2 50. Ke4 Kc2 51. Qe2+ Kb1 52. b3
Ka1 53. Kd3 c4+ 54. Kxc4 b5+ 55. Kd3 b4 56. cxb4 a5 57. bxa5 Kb1 58. Kc3 Ka1
59. Qb2# 1-0

[Event "CAN-ch U20 op"]
[Site "Toronto CAN"]
[Date "2018.08.11"]
[Round "7.10"]
[White "Li, Eric M"]
[Black "Li, Kevin"]
[Result "1-0"]
[WhiteElo "2037"]
[BlackElo "1706"]
[PlyCount "83"]
[EventDate "2018.08.08"]
[EventType "swiss"]
[EventRounds "9"]
[EventCountry "CAN"]

1. d4 Nf6 2. Bf4 g6 3. e3 Bg7 4. Nf3 O-O 5. Be2 d6 6. h3 Nbd7 7. O-O c5 8. c3
Re8 9. Bh2 Qb6 10. Qb3 e5 11. Na3 cxd4 12. cxd4 e4 13. Nd2 d5 14. Nb5 Rf8 15.
Nc7 Qa5 16. Nxa8 Qxd2 17. Bb5 g5 18. Bd6 Rd8 19. Bb4 Qxb4 20. Qxb4 g4 21. hxg4
Nxg4 22. Rac1 Ndf6 23. Qa5 b6 24. Qxa7 Be6 25. Nxb6 Bh6 26. Be2 Kh8 27. Bxg4
Nxg4 28. Qe7 Rg8 29. Rfe1 Bg5 30. Qb7 Bh4 31. Rc2 Nf6 32. Rc8 Ne8 33. Nxd5 Bh3
34. Nf4 Bf5 35. a4 Bg5 36. a5 Bxf4 37. exf4 e3 38. Rc5 exf2+ 39. Kxf2 Nd6 40.
Qc6 Ne4+ 41. Rxe4 Bxe4 42. Qxe4 1-0

[Event "CAN-ch U20 op"]
[Site "Toronto CAN"]
[Date "2018.08.11"]
[Round "7.11"]
[White "Laughlin, Braden"]
[Black "Liu, Harrison"]
[Result "0-1"]
[WhiteElo "1761"]
[BlackElo "1787"]
[PlyCount "76"]
[EventDate "2018.08.08"]
[EventType "swiss"]
[EventRounds "9"]
[EventCountry "CAN"]

1. e4 c5 2. Nf3 d6 3. d4 cxd4 4. Nxd4 Nf6 5. Nc3 g6 6. Be3 Bg7 7. Qd2 O-O 8. f3
Nc6 9. Bc4 Bd7 10. Bb3 a6 11. O-O-O b5 12. h4 h5 13. Kb1 Kh7 14. Qe2 Na5 15.
Nd5 Nxb3 16. Nxf6+ Bxf6 17. Nxb3 Kg7 18. g4 Rh8 19. g5 Be5 20. f4 Bg4 21. Qf2
Bxf4 22. Bxf4 Bxd1 23. Rxd1 Rf8 24. e5 d5 25. e6 Kh7 26. exf7 Rxf7 27. Qd4 e6
28. Be5 Rc8 29. c3 Rc4 30. Qd3 Rxh4 31. Rf1 Qf8 32. Rxf7+ Qxf7 33. Bf6 Qc7 34.
Nd4 Re4 35. Kc2 Qh2+ 36. Kb3 Qf4 37. Nxe6 Rxe6 38. Qxd5 Qa4# 0-1

[Event "CAN-ch U20 op"]
[Site "Toronto CAN"]
[Date "2018.08.11"]
[Round "7.12"]
[White "James, Rowan"]
[Black "Uthayakumar, Ronan"]
[Result "1-0"]
[WhiteElo "1904"]
[BlackElo "1854"]
[PlyCount "51"]
[EventDate "2018.08.08"]
[EventType "swiss"]
[EventRounds "9"]
[EventCountry "CAN"]

1. e4 c5 2. Nf3 Nc6 3. d3 g6 4. g3 Bg7 5. Bg2 d6 6. O-O e6 7. Re1 Nge7 8. Nbd2
O-O 9. Nf1 d5 10. Qe2 a6 11. h4 b5 12. N1h2 Bb7 13. Ng4 f5 14. exf5 exf5 15.
Qe6+ Kh8 16. Nh6 Qe8 17. Bg5 Bxh6 18. Bxh6 Rf7 19. Ng5 Rf8 20. Bxf8 Qxf8 21.
Bxd5 Nxd5 22. Qxd5 h6 23. Nf7+ Kg7 24. Nd6 Rd8 25. Re6 Rd7 26. Nxf5+ 1-0

[Event "CAN-ch U20 op"]
[Site "Toronto CAN"]
[Date "2018.08.12"]
[Round "8.2"]
[White "Zhao, Harry"]
[Black "Bremner, William"]
[Result "1/2-1/2"]
[WhiteElo "2203"]
[BlackElo "2198"]
[PlyCount "61"]
[EventDate "2018.08.08"]
[EventType "swiss"]
[EventRounds "9"]
[EventCountry "CAN"]

1. d4 Nf6 2. Nf3 d5 3. e3 Bf5 4. c4 c6 5. Nc3 e6 6. Be2 h6 7. O-O Nbd7 8. Bd3
Bxd3 9. Qxd3 Bd6 10. e4 dxe4 11. Nxe4 Nxe4 12. Qxe4 O-O 13. Rd1 Qc7 14. b3 Rfe8
15. Bb2 Be7 16. Rd2 Bf6 17. Rad1 Rad8 18. Qc2 Qc8 19. h3 Qc7 20. a4 a6 21. Ba3
Be7 22. Bxe7 Rxe7 23. Re2 Nf6 24. Red2 Ree8 25. Qb2 Qd6 26. b4 Ra8 27. a5 Red8
28. Ne5 Qc7 29. Qb3 Qd6 30. f3 Qc7 31. Qa4 1/2-1/2

[Event "CAN-ch U20 op"]
[Site "Toronto CAN"]
[Date "2018.08.12"]
[Round "8.3"]
[White "Zhong, Kevin"]
[Black "Jiang, Brian"]
[Result "1-0"]
[WhiteElo "2016"]
[BlackElo "2094"]
[PlyCount "85"]
[EventDate "2018.08.08"]
[EventType "swiss"]
[EventRounds "9"]
[EventCountry "CAN"]

1. e4 c5 2. Ne2 Nc6 3. Nbc3 e6 4. g3 d5 5. Bg2 d4 6. Nb1 e5 7. d3 Be6 8. f4 f6
9. Nd2 Qd7 10. Nf3 Bd6 11. f5 Bf7 12. g4 g6 13. Ng3 h5 14. fxg6 Bxg6 15. Nh4
Bf7 16. gxh5 Nge7 17. Qf3 Be6 18. Ng6 Nxg6 19. hxg6 Nb4 20. Qf2 Rg8 21. Bf3 Bg4
22. Bxg4 Qxg4 23. a3 Nc6 24. Nf5 O-O-O 25. g7 Rxg7 26. Nxg7 Qxg7 27. Rg1 Qf7
28. Rf1 Be7 29. Bg5 Qg6 30. Bh4 Kb8 31. O-O-O c4 32. Kb1 Ka8 33. Ka2 a5 34.
dxc4 Qxe4 35. Rd3 Rh8 36. Bxf6 Rf8 37. Rf3 Rxf6 38. Rxf6 Bxf6 39. Qxf6 Qxc2 40.
Qf8+ Ka7 41. Qc5+ Ka6 42. Qb5+ Ka7 43. Rf7 1-0

[Event "CAN-ch U20 op"]
[Site "Toronto CAN"]
[Date "2018.08.12"]
[Round "8.4"]
[White "Rusonik, Max"]
[Black "Singh, Malhar"]
[Result "1-0"]
[WhiteElo "1970"]
[BlackElo "1825"]
[PlyCount "69"]
[EventDate "2018.08.08"]
[EventType "swiss"]
[EventRounds "9"]
[EventCountry "CAN"]

1. e4 e6 2. d4 d5 3. Nc3 Bb4 4. e5 c5 5. a3 Bxc3+ 6. bxc3 Ne7 7. h4 Nbc6 8. h5
h6 9. Qg4 Nf5 10. Bd3 Nce7 11. Ne2 Qa5 12. Bd2 c4 13. Bxf5 Nxf5 14. Ng3 Kf8 15.
Rh3 Bd7 16. Nf1 Qa4 17. Qd1 a5 18. g4 Ne7 19. Ne3 Qc6 20. Qf3 Qc7 21. Ke2 Nc6
22. Rg1 Ke7 23. g5 hxg5 24. Rxg5 Raf8 25. Rxg7 Be8 26. Ng4 Kd8 27. h6 Kc8 28.
h7 Ne7 29. Nf6 Ba4 30. Kd1 Qb6 31. Kc1 Nf5 32. Rg8 Qd8 33. Rxf8 Qxf8 34. Kb2 b5
35. Qg4 1-0

[Event "CAN-ch U20 op"]
[Site "Toronto CAN"]
[Date "2018.08.12"]
[Round "8.5"]
[White "Gao, Raymond"]
[Black "Zhao, Jeffrey R"]
[Result "1-0"]
[WhiteElo "1736"]
[BlackElo "2017"]
[PlyCount "49"]
[EventDate "2018.08.08"]
[EventType "swiss"]
[EventRounds "9"]
[EventCountry "CAN"]

1. e4 c5 2. Nf3 e6 3. d4 cxd4 4. Nxd4 Nf6 5. Nc3 Bb4 6. Ndb5 Qa5 7. a3 Bxc3+ 8.
Nxc3 Nxe4 9. Qd4 Nxc3 10. b4 Qd5 11. Qxc3 O-O 12. Bb2 f6 13. Bd3 Nc6 14. O-O-O
Qg5+ 15. Kb1 d5 16. h4 Qh5 17. g4 Qxg4 18. h5 Ne5 19. Rdg1 Qf4 20. Qc7 Rf7 21.
Qd8+ Rf8 22. Bxh7+ Kxh7 23. Qxf8 Ng4 24. h6 gxh6 25. Rxg4 1-0

[Event "CAN-ch U20 op"]
[Site "Toronto CAN"]
[Date "2018.08.12"]
[Round "8.6"]
[White "Zheng, Kevin"]
[Black "Zhao, Jeffrey Renfei"]
[Result "1/2-1/2"]
[WhiteElo "1966"]
[BlackElo "2002"]
[PlyCount "52"]
[EventDate "2018.08.08"]
[EventType "swiss"]
[EventRounds "9"]
[EventCountry "CAN"]

1. d4 d5 2. c4 e6 3. cxd5 exd5 4. Nc3 c6 5. Bf4 Nf6 6. e3 Bf5 7. Bd3 Bxd3 8.
Qxd3 Nbd7 9. Nge2 Be7 10. O-O O-O 11. f3 c5 12. Rad1 Qb6 13. Qd2 Rad8 14. a3
Rfe8 15. Na4 Qc6 16. Nxc5 Nxc5 17. dxc5 Bxc5 18. Nd4 Qb6 19. b4 Bd6 20. Bxd6
Qxd6 21. Rc1 Nd7 22. Nb5 Qb6 23. Nc7 Rxe3 24. Nxd5 Re2+ 25. Nxb6 Rxd2 26. Nxd7
R2xd7 1/2-1/2

[Event "CAN-ch U20 op"]
[Site "Toronto CAN"]
[Date "2018.08.12"]
[Round "8.7"]
[White "Li, William"]
[Black "Li, Eric M"]
[Result "1-0"]
[WhiteElo "2192"]
[BlackElo "2037"]
[PlyCount "69"]
[EventDate "2018.08.08"]
[EventType "swiss"]
[EventRounds "9"]
[EventCountry "CAN"]

1. d4 Nf6 2. c4 g6 3. f3 d5 4. cxd5 Nxd5 5. e4 Nb6 6. Nc3 Bg7 7. Be3 O-O 8. Qd2
Nc6 9. O-O-O e5 10. d5 Nd4 11. f4 Bg4 12. Re1 c5 13. fxe5 Bxe5 14. h3 Bd7 15.
Nf3 Nxf3 16. gxf3 Rc8 17. h4 Na4 18. Nxa4 Bxa4 19. f4 Bd4 20. h5 Re8 21. hxg6
fxg6 22. Qh2 Re7 23. Bc4 Kh8 24. e5 Rg7 25. f5 Bxe3+ 26. Rxe3 Qg5 27. Qg1 Qxf5
28. b3 Be8 29. Qg3 b5 30. Rf1 Qh5 31. Be2 Qh6 32. e6 Re7 33. Qe5+ Kg8 34. d6
Rb7 35. d7 1-0